Constraints and resources in natural language syntax and semantics.
Spremljeno u:
| Format: | Knjiga |
|---|---|
| Jezik: | English |
| Izdano: |
Stanford CA :
CSLI Publications,
1999.
|
| Teme: | |
| Oznake: |
Dodaj oznaku
Bez oznaka, Budi prvi tko označuje ovaj zapis!
|
| Thư viện lưu trữ: | Mạng thư viện Đại học Đà Nẵng |
|---|
| LEADER | 00874cam a2200337 i 4500 | ||
|---|---|---|---|
| 001 | 000045504 | ||
| 003 | 4687 | ||
| 005 | 20030227163029.0 | ||
| 008 | 010220|1999 vm 000 eng | ||
| 020 | |a 1575862220 | ||
| 040 | |a IRC |c IRC |d IRC | ||
| 041 | 0 | |a eng | |
| 082 | 1 | 4 | |a 415 |b Co-R |
| 245 | 0 | 0 | |a Constraints and resources in natural language syntax and semantics. |
| 260 | |a Stanford CA : |b CSLI Publications, |c 1999. | ||
| 300 | |a xx, 338p. | ||
| 630 | 0 | 4 | |a Syntax. |
| 630 | 0 | 4 | |a Semantics. |
| 650 | 0 | 4 | |a Grammar, comparative and general |x Syntax. |
| 650 | 0 | 4 | |a Semantics. |
| 650 | 0 | 4 | |a Head-driven phrase structure grammar. |
| OWN | |a DUT | ||
| 999 | |a From the UDN01 | ||
| TYP | |a Monograph | ||
| TYP | |a Printed language | ||
| 980 | |a Mạng thư viện Đại học Đà Nẵng | ||


